000 00280nam a22001097a 4500
041 _aeng
080 _a80
100 _aСазонова, Е. М.
245 _aПособие по переводу с русс. языка на немецкий.
650 _aGerman
999 _c279378
_d279378
942 _cBK